000 00474nam a2200181Ia 4500
001 4641
005 20260306145811.0
008 260306t2002||||xx |||||||||||||| ||spa||
041 _aESP
082 _a328.3658
_bC76
100 _aPerú
_eAUT
245 0 _aBalance de la inversión privada y privatización 1990-2001 texto impreso
260 _c2002
300 _a302 páginas :, 6 páginas : de láms.
_c
650 _aGEN
654 _aCDE
942 _cLIB
_dJUS
_fJUS
_2ddc
_n
999 _c4641
_d4641